Histoire de France par lettre - O - Statistiques

Statistiques générales
  • Ce quiz a été pris 20 982 fois
    16 995 depuis la dernière actualisation
  • Le résultat moyen est 12 sur 20
Statistiques - réponses
Indices Réponses % Correct
Jeanne d'Arc en était la Pucelle Orléans
96%
Alliance politico-militaire fondée en 1949, dont la France quitta le commandement intégré en 1966 avant de le réintégrer en 2009 OTAN
84%
Ils étaient trois sous l'Ancien Régime : Noblesse, Clergé et Tiers-Etat Ordres
80%
Nom donné à la période commençant le 22 juin 1940 par la signature de l'armistice et prenant fin en juin 1944 avec la bataille de Normandie Occupation
77%
Film avec de Funès de 1967 ou récompense remportée par Dujardin, Truffaut ou encore Cotillard Oscar
77%
Philosophie des Jeux dont Pierre de Coubertin est à l'origine Olympisme
73%
Arbre dont un rameau figurait sur les pièces de un franc de 1960 à 2001 Olivier
72%
Vaste région culturelle et linguistique donnant aujourd'hui son nom à une région administrative Occitanie
70%
Si Garnier, conçu dans le cadre des transformations haussmanniennes de Paris Opéra
70%
Plage du débarquement qui joua un rôle central dans cette dernière Omaha
64%
Ile du golfe de Gascogne reprise aux protestants par le duc de Guise en 1625 Oléron
56%
Village de Haute-Vienne dont les habitants furent massacrés par des SS le 10 juin 1944 Oradour-sur-Glane
54%
Nom de code de la bataille de Normandie de juin-août 1944 Overlord
47%
Peuple qui n'appuya finalement pas les Wisigoths dans la bataille de Vouillé, permettant la victoire des Francs menés par Clovis Ier Ostrogoth
45%
Sous-ensemble de langues du Nord du pays dont les trouvères étaient les poètes Oïl
40%
Principauté germanique annexée par Louis XIV ou cité vauclusienne fondée par les Romains Orange
37%
Plus grand département français de 1957 à 1962, nommé d'après les points d'eau et de verdure que l'on trouvait au cœur de ses déserts Oasis
34%
Signification du O de SFIO Ouvrière
34%
Organisation intergouvernementale d'études économiques siégeant à Paris et que la France rejoignit à sa création en 1961 OCDE
25%
Autre nom de l'étendard de Charlemagne puis, par confusion, de celui de Saint-Denis Oriflamme
17%
Aucun quiz correspondant
Distribution des résultats
% des personnes avec chaque résultat
Percentile par nombre de réponses
Votre historique - résultats
Vous n’avez pas pris ce quiz depuis la dernière actualisation